000 00454nam a2200145Ia 4500
008 090124s9999 xx 000 0 und d
082 _b400146
245 _a शील हे कवच जीवनाचे !
250 _a1
260 _bढेरे अरुणा रा.
_c1975
300 _a67
630 _a शील हे कवच जीवनाचे !
730 _a शील हे कवच जीवनाचे !
942 _cBOOK
999 _c196067
_d196067